[Event "Pardubice Czech op-E 33rd"]
[Site "Pardubice"]
[Date "2022.07.15"]
[Round "3.4"]
[White "Urban, Tomas"]
[Black "Bacak, Petr Sr"]
[Result "1-0"]
[WhiteElo "1815"]
[BlackElo "1903"]
[PlyCount "73"]
[EventDate "2022.07.14"]
[EventType "team-swiss"]
[EventRounds "7"]
[EventCountry "CZE"]
[SourceTitle "CBM 209 Extra"]
[Source "ChessBase"]
[SourceDate "2022.09.30"]
[SourceVersion "1"]
[SourceVersionDate "2022.09.30"]
[SourceQuality "1"]
[WhiteTeam "Kolesovice Cesky Lev"]
[BlackTeam "Kromeriz Slavia"]
[WhiteTeamCountry "CZE"]
[BlackTeamCountry "CZE"]

1. d4 d5 2. Nf3 Nf6 3. e3 Nbd7 4. Bd3 e6 5. Nbd2 c6 6. 0-0 Qc7 7. Re1 Be7 8. c3 0-0 9. e4 dxe4 10. Nxe4 h6 11. Nxf6+ Bxf6 12. Qe2 Re8 13. Qe4 Nf8 14. Bf4 Qd8 15. Rad1 Qd5 16. Qe2 Bd7 17. Ne5 Rad8 18. Ng4 Bg5 19. Bc7 f5 20. Bc4 Qe4 21. Qxe4 fxe4 22. Bxd8 Rxd8 23. Rxe4 b5 24. Bb3 Bc8 25. h4 Be7 26. Rde1 Rd6 27. Ne3 Bd8 28. Nf5 Rd5 29. Bxd5 cxd5 30. R4e3 Bd7 31. Ng3 Bxh4 32. Nh5 Bg5 33. f4 Bh4 34. g3 Bd8 35. f5 exf5 36. Re5 Bc7 37. Re7 1-0

[Event "CZE-chT2E 1415"]
[Site "Czech Republic"]
[Date "2015.04.19"]
[Round "11.8"]
[White "Mlensky, Dalibor"]
[Black "Bacak, Petr Sr"]
[Result "1-0"]
[WhiteElo "2102"]
[BlackElo "1993"]
[PlyCount "63"]
[EventDate "2014.11.02"]
[EventType "team-tourn"]
[EventRounds "11"]
[EventCountry "CZE"]
[SourceTitle "EXT 2022"]
[Source "ChessBase"]
[SourceDate "2021.10.06"]
[SourceVersion "1"]
[SourceVersionDate "2021.10.06"]
[SourceQuality "1"]
[WhiteTeam "Hustopece"]
[BlackTeam "Kromeriz Slavia II"]
[WhiteTeamCountry "CZE"]
[BlackTeamCountry "CZE"]

1. e4 e5 2. f4 Qh4+ 3. g3 Qe7 4. fxe5 Qxe5 5. Nc3 Bb4 6. Nf3 Qe7 7. Qe2 c6 8. a3 Ba5 9. b4 Bc7 10. Bg2 d6 11. 0-0 Bg4 12. h3 Bd7 13. Bb2 Nh6 14. Rae1 f6 15. Qc4 Qf7 16. Qxf7+ Nxf7 17. d4 0-0 18. g4 Na6 19. Nd1 Be6 20. d5 Bd7 21. c4 Rae8 22. Nf2 Ne5 23. Nxe5 fxe5 24. Nd3 b6 25. dxc6 Be6 26. Rc1 Rxf1+ 27. Bxf1 Bd8 28. Rc2 Bf7 29. Nf2 Nc7 30. Rd2 Re6 31. c5 Bg5 32. Rxd6 1-0

[Event "Stare Mesto op"]
[Site "Stare Mesto"]
[Date "2012.08.13"]
[Round "5"]
[White "Bacak, Petr Sr"]
[Black "Volodin, Viktor Nikolaevich"]
[Result "0-1"]
[WhiteElo "1986"]
[BlackElo "2205"]
[PlyCount "81"]
[EventDate "2012.08.10"]
[EventType "swiss"]
[EventRounds "10"]
[EventCountry "CZE"]
[SourceTitle "CBM 149 Extra"]
[Source "ChessBase"]
[SourceDate "2012.08.24"]
[SourceVersion "1"]
[SourceVersionDate "2012.08.24"]
[SourceQuality "1"]

1. Nf3 d5 2. d4 e6 3. c3 c5 4. e3 Nf6 5. Qc2 Be7 6. Nbd2 0-0 7. g3 b6 8. Bg2 Bb7 9. 0-0 Nbd7 10. Ng5 h6 11. Nh3 Rc8 12. Qd3 e5 13. dxe5 Nxe5 14. Qe2 Rc7 15. b3 Qc8 16. Bb2 Bd6 17. c4 dxc4 18. Nxc4 Nxc4 19. bxc4 Bxg2 20. Kxg2 Qe6 21. Rad1 Re8 22. Bxf6 Qxf6 23. Rd5 Rce7 24. Rfd1 Bc7 25. Qd3 Qb2 26. Qb3 Qe2 27. Ng1 Qg4 28. Qd3 Qe6 29. Nf3 a6 30. Nd2 Qc6 31. e4 Be5 32. Rb1 Kh7 33. Re1 Bc7 34. Qc3 Be5 35. Qd3 f6 36. Rc1 Bc7 37. Rc2 Ra8 38. Nb3 Qe6 39. Rd2 Rf8 40. Rd7 Rff7 41. Rd5 0-1

[Event "CZE-chT1E 1112"]
[Site "Czech Republic"]
[Date "2011.11.13"]
[Round "3"]
[White "Bacak, Petr Sr"]
[Black "Vrana, Frantisek"]
[Result "0-1"]
[WhiteElo "1971"]
[BlackElo "2249"]
[PlyCount "98"]
[EventDate "2011.10.02"]
[EventType "team-tourn"]
[EventRounds "11"]
[EventCountry "CZE"]
[SourceTitle "EXT 2012"]
[Source "ChessBase"]
[SourceDate "2011.11.24"]
[SourceVersion "1"]
[SourceVersionDate "2011.11.24"]
[SourceQuality "1"]
[WhiteTeam "Kromeriz"]
[BlackTeam "Stare Mesto"]
[WhiteTeamCountry "CZE"]
[BlackTeamCountry "CZE"]

1. e4 e6 2. d4 d5 3. e5 c5 4. c3 Nc6 5. Nf3 Qb6 6. a3 Bd7 7. b4 cxd4 8. cxd4 Rc8 9. Be3 Nge7 10. Bd3 Nf5 11. Bxf5 exf5 12. 0-0 Nd8 13. Qb3 Bb5 14. Rc1 Rxc1+ 15. Bxc1 Bc4 16. Qc2 Qe6 17. Nc3 h6 18. Qa4+ Qc6 19. Qxa7 Bb3 20. Bd2 Be7 21. Qa5 0-0 22. Qb5 Qe6 23. Qd3 Nc6 24. Nd1 Bc4 25. Qc3 Be2 26. Ne1 Rc8 27. Qe3 Bh5 28. Nd3 g5 29. f4 Ra8 30. Nc5 Qc8 31. fxg5 hxg5 32. Nf2 f4 33. Qc3 Bg6 34. Re1 Bf5 35. Bc1 Nd8 36. Qf3 b6 37. Nb3 Qc4 38. Bb2 Qc2 39. Bc1 Rc8 40. h4 Rc3 41. Na1 Qxc1 42. Rxc1 Rxc1+ 43. Kh2 Rxa1 44. hxg5 Ne6 45. Qxd5 Bxg5 46. Qa8+ Kg7 47. d5 Bh4 48. Nh1 Ng5 49. Qc6 Ne4 0-1